Normal view
MARC view
- Abdul Quddus, Syed
Entry Personal Name
001 - CONTROL NUMBER
- control field: 79736
003 - CONTROL NUMBER IDENTIFIER
- control field: NUST
005 - DATE AND TIME OF LATEST TRANSACTION
- control field: 20210628210519.0
008 - FIXED-LENGTH DATA ELEMENTS
- fixed length control field: 210628|| aca||aabn | a|a d
040 ## - CATALOGING SOURCE
- Original cataloging agency: NUST
- Transcribing agency: NUST
100 ## - HEADING--PERSONAL NAME
- Personal name: Abdul Quddus, Syed
670 ## - SOURCE DATA FOUND
- Source citation: Work cat.: (NUST): Abdul Quddus, Syed, Punjab:the land of beauty love and mysticism, 1992
